000 00360nam a22001337a 4500
041 _aENG
100 _aSwaminadhan.D
245 _aSCI -2000
250 _aSystemics.Cybernetics And Informatics On advances in Information Technology
260 _aHyderabad
_bBS Publications
_c2000
300 _a326
650 _aCompetitive Exam
856 _uCompetitive Exam
999 _c706
_d706